Editionál

Bibliographic Details
Main Author: Dian, Daniel, 1953- (Author)
Format: Article
Language:Slovak
ISSN:0139-861X
Subjects:

MARC

LEADER 00000nab a2200000 a 4500
001 vtls008997066
003 SK-MaSNL
005 20260303065756.0
008 140328c2007 xo qr|p|||||||000 b|slo
015 |a SNBRB2007/06 
038 |a SNKBUCL 
040 |a SNKBUCL  |b slo  |e AACR2  |c SNKBUCL 
041 0 |a slo 
044 |a xo  |c SK 
080 |a 262.14  |2 1997 
080 |a 265  |2 1997 
100 1 |a Dian, Daniel,  |d 1953-  |4 aut  |9 101588 
245 1 0 |a Editionál  |c Daniel Dian 
650 0 7 |a kňazi  |2 snkbucl  |9 28986 
650 0 7 |a eucharistia  |2 snkbucl  |9 796 
773 0 |t Duchovný pastier  |g Roč. LXXXVIII, č. 6 (2007), s. 417-418  |x 0139-861X 
852 |a SNK  |b KIS3GCP 
958 |a SK 
958 |a NB 
958 |a NT 
999 |c 1752634  |d 1754564